Tízéves a hallgatói mozgalom. Hivatali nagyüzem

Elmentve itt :
Bibliográfiai részletek
Dokumentumtípus: Cikk
Megjelent: 1998-10-20
Sorozat:Délmagyarország 88 No. 246
Kulcsszavak:Egyetemtörténet, 1988 1998
Online Access:http://dmarchiv.bibl.u-szeged.hu/80258
LEADER 00435nab a2200145 i 4500
001 delm80258
005 20191016131301.0
008 191016s1998 hu o 0|| hun d
040 |a SZTE Délmagyarország Archívum  |b hun 
041 |a hun 
245 0 0 |a Tízéves a hallgatói mozgalom. Hivatali nagyüzem  |h [elektronikus dokumentum] 
260 |c 1998-10-20 
300 |a 8 
490 0 |a Délmagyarország  |v 88 No. 246 
695 |a Egyetemtörténet, 1988 1998